Countries Closest to Russia (with a map) - Statistics

General Stats
  • This quiz has been taken 1,533 times
  • The average score is 17 of 20
Answers on the Map
Answers color-coded by a green-red scale on the quiz's map according to % correct below.
 
Answer Stats
country % Correct
China
97%
Mongolia
96%
Ukraine
96%
Finland
95%
Kazakhstan
95%
Belarus
94%
Latvia
93%
Estonia
92%
Lithuania
91%
Georgia
88%
North Korea
88%
Norway
86%
Japan
85%
Azerbaijan
82%
Armenia
80%
Sweden
79%
Poland
73%
Turkey
66%
United States
59%
Iran
41%
No matching quizzes found
Score Distribution
Percent of People with Each Score
Percentile by Number Answered
Your Score History
You have not taken this quiz